The dream jar /

After emigrating to America, each member of a Russian family works hard to contribute to the family's dream of someday owning and running a store.

Bibliographic Details
Main Author: Pryor, Bonnie
Other Authors: Graham, Mark, 1952- (Illustrator)
Format: Book
Language:English
Published: New York : Morrow Junior Books, [1996]
Subjects:

MARC

Tag First Indicator Second Indicator Subfields
LEADER 00000cam a2200000 a 4500
001 in00001408069
005 20151020070203.0
008 950316s1996 nyua j 000 1 eng
010 |a  95013710  
020 |a 0688130615 (tr) 
020 |a 0688130623 (le) 
035 |a (OCoLC)32272150 
035 |9 AHP8450AM 
040 |a DLC  |c DLC  |d UtOrBLW 
049 |a TXAG 
050 0 0 |a PZ7.P94965  |b Dr 1996 
082 0 0 |a [E]  |2 20 
100 1 |a Pryor, Bonnie. 
245 1 4 |a The dream jar /  |c by Bonnie Pryor ; illustrated by Mark Graham. 
264 1 |a New York :  |b Morrow Junior Books,  |c [1996] 
264 4 |c ©1996 
300 |a 1 volume (unpaged) :  |b color illustrations ;  |c 29 cm. 
336 |a text  |b txt  |2 rdacontent 
337 |a unmediated  |b n  |2 rdamedia 
338 |a volume  |b nc  |2 rdacarrier 
520 |a After emigrating to America, each member of a Russian family works hard to contribute to the family's dream of someday owning and running a store. 
650 1 |a Emigration and immigration  |x Fiction. 
650 1 |a Family life  |x Fiction. 
650 1 |a Russian Americans  |x Fiction. 
700 1 |a Graham, Mark,  |d 1952-  |e illustrator. 
999 |a MARS 
999 f f |s 073c7bdb-9eed-36e2-9e6d-41f69639745b  |i 168003eb-7a99-3d8f-bcbf-e1585fe6c1e5  |t 0 
952 f f |p normal  |a Texas A&M University  |b College Station  |c Sterling C. Evans Library  |d Evans: Curriculum Collection (4th floor)  |t 0  |e PZ7.P94965 Dr 1996  |h Library of Congress classification  |i unmediated -- volume  |m A14822246491 
998 f f |a PZ7.P94965 Dr 1996  |t 0  |l Evans: Curriculum Collection (4th floor)